<?xml version="1.0" encoding="UTF-8"?>
<collection xmlns="http://www.loc.gov/MARC21/slim">
 <record>
  <leader>03954nas a22005051  4500</leader>
  <controlfield tag="001">1/50326</controlfield>
  <controlfield tag="008">020827c19  9999gr brzp           g0gre d</controlfield>
  <datafield tag="022" ind1=" " ind2=" ">
   <subfield code="a">1109-2130</subfield>
  </datafield>
  <datafield tag="035" ind1=" " ind2=" ">
   <subfield code="l">23948</subfield>
  </datafield>
  <datafield tag="090" ind1=" " ind2=" ">
   <subfield code="a">Αλφαβητική σειρά</subfield>
  </datafield>
  <datafield tag="245" ind1="0" ind2="0">
   <subfield code="a">Μ΄ενδιαφέρει</subfield>
  </datafield>
  <datafield tag="260" ind1=" " ind2=" ">
   <subfield code="a">Αθήνα :</subfield>
   <subfield code="b">Δόντας, Νικόλαος,</subfield>
   <subfield code="c">19</subfield>
  </datafield>
  <datafield tag="300" ind1=" " ind2=" ">
   <subfield code="a">τ. ;</subfield>
   <subfield code="c">28 εκ.</subfield>
  </datafield>
  <datafield tag="310" ind1=" " ind2=" ">
   <subfield code="a">Διμηνιαίο</subfield>
  </datafield>
  <datafield tag="362" ind1="0" ind2=" ">
   <subfield code="a">Τχ.11(Σεπτ./Οκτ. 1998)-τχ.12(Νοεμ./Δεκ. 1998)</subfield>
  </datafield>
  <datafield tag="362" ind1="0" ind2=" ">
   <subfield code="a">Τχ.15(Μάϊος/Ιούν. 2000)-τχ.29(Νοεμ. /Δεκ. 2002)</subfield>
  </datafield>
  <datafield tag="362" ind1="0" ind2=" ">
   <subfield code="a">Τομ.31(Μάρτ./Απρίλ. 2003)-</subfield>
  </datafield>
  <datafield tag="546" ind1=" " ind2=" ">
   <subfield code="a">Ελληνική</subfield>
  </datafield>
  <datafield tag="650" ind1=" " ind2="4">
   <subfield code="a">Υγεία</subfield>
   <subfield code="v">Περιοδικά.</subfield>
  </datafield>
  <datafield tag="852" ind1=" " ind2=" ">
   <subfield code="a">INST</subfield>
   <subfield code="b">UNIPILB</subfield>
   <subfield code="c">SERIALS</subfield>
   <subfield code="e">20050902</subfield>
   <subfield code="h">Αλφαβητική σειρά</subfield>
   <subfield code="p">45861</subfield>
   <subfield code="q">45861</subfield>
   <subfield code="t">NOLOAN</subfield>
   <subfield code="v">τεύχ.31:(Μήνες)Μάρ./Απρ.;(Έτος)2003</subfield>
   <subfield code="y">23</subfield>
  </datafield>
  <datafield tag="852" ind1=" " ind2=" ">
   <subfield code="a">INST</subfield>
   <subfield code="b">UNIPILB</subfield>
   <subfield code="c">SERIALS</subfield>
   <subfield code="e">20050902</subfield>
   <subfield code="h">Αλφαβητική σειρά</subfield>
   <subfield code="p">45863</subfield>
   <subfield code="q">45863</subfield>
   <subfield code="t">NOLOAN</subfield>
   <subfield code="v">τεύχ.32:(Μήνες)Μάιος/Ιούν.;(Έτος)2003</subfield>
   <subfield code="y">23</subfield>
  </datafield>
  <datafield tag="852" ind1=" " ind2=" ">
   <subfield code="a">INST</subfield>
   <subfield code="b">UNIPILB</subfield>
   <subfield code="c">SERIALS</subfield>
   <subfield code="e">20050902</subfield>
   <subfield code="h">Αλφαβητική σειρά</subfield>
   <subfield code="p">45864</subfield>
   <subfield code="q">45864</subfield>
   <subfield code="t">NOLOAN</subfield>
   <subfield code="v">τεύχ.33:(Μήνες)Ιούλ./Αύγ.;(Έτος)2003</subfield>
   <subfield code="y">23</subfield>
  </datafield>
  <datafield tag="852" ind1=" " ind2=" ">
   <subfield code="a">INST</subfield>
   <subfield code="b">UNIPILB</subfield>
   <subfield code="c">SERIALS</subfield>
   <subfield code="e">20050902</subfield>
   <subfield code="h">Αλφαβητική σειρά</subfield>
   <subfield code="p">45865</subfield>
   <subfield code="q">45865</subfield>
   <subfield code="t">NOLOAN</subfield>
   <subfield code="v">τεύχ.34:(Μήνες)Σεπ./Οκτ.;(Έτος)2003</subfield>
   <subfield code="y">23</subfield>
  </datafield>
  <datafield tag="852" ind1=" " ind2=" ">
   <subfield code="a">INST</subfield>
   <subfield code="b">UNIPILB</subfield>
   <subfield code="c">SERIALS</subfield>
   <subfield code="e">20050902</subfield>
   <subfield code="h">Αλφαβητική σειρά</subfield>
   <subfield code="p">45866</subfield>
   <subfield code="q">45866</subfield>
   <subfield code="t">NOLOAN</subfield>
   <subfield code="v">τεύχ.35:(Μήνες)Νοέμ./Δεκ.;(Έτος)2003</subfield>
   <subfield code="y">23</subfield>
  </datafield>
  <datafield tag="852" ind1=" " ind2=" ">
   <subfield code="a">INST</subfield>
   <subfield code="b">UNIPILB</subfield>
   <subfield code="c">SERIALS</subfield>
   <subfield code="e">20050902</subfield>
   <subfield code="h">Αλφαβητική σειρά</subfield>
   <subfield code="p">45867</subfield>
   <subfield code="q">45867</subfield>
   <subfield code="t">NOLOAN</subfield>
   <subfield code="v">τεύχ.36:(Μήνες)Ιαν./Φεβ.;(Έτος)2004</subfield>
   <subfield code="y">23</subfield>
  </datafield>
  <datafield tag="852" ind1=" " ind2=" ">
   <subfield code="a">INST</subfield>
   <subfield code="b">UNIPILB</subfield>
   <subfield code="c">SERIALS</subfield>
   <subfield code="e">20050902</subfield>
   <subfield code="h">Αλφαβητική σειρά</subfield>
   <subfield code="p">45868</subfield>
   <subfield code="q">45868</subfield>
   <subfield code="t">NOLOAN</subfield>
   <subfield code="v">τεύχ.38:(Μήνες)Μάιος/Ιούν.;(Έτος)2004</subfield>
   <subfield code="y">23</subfield>
  </datafield>
  <datafield tag="852" ind1=" " ind2=" ">
   <subfield code="a">INST</subfield>
   <subfield code="b">UNIPILB</subfield>
   <subfield code="c">SERIALS</subfield>
   <subfield code="e">20050902</subfield>
   <subfield code="h">Αλφαβητική σειρά</subfield>
   <subfield code="p">45869</subfield>
   <subfield code="q">45869</subfield>
   <subfield code="t">NOLOAN</subfield>
   <subfield code="v">τεύχ.39:(Μήνες)Ιούλ./Αύγ.;(Έτος)2004</subfield>
   <subfield code="y">23</subfield>
  </datafield>
  <datafield tag="852" ind1=" " ind2=" ">
   <subfield code="a">INST</subfield>
   <subfield code="b">UNIPILB</subfield>
   <subfield code="c">SERIALS</subfield>
   <subfield code="e">20050902</subfield>
   <subfield code="h">Αλφαβητική σειρά</subfield>
   <subfield code="p">45870</subfield>
   <subfield code="q">45870</subfield>
   <subfield code="t">NOLOAN</subfield>
   <subfield code="v">τεύχ.40:(Μήνες)Σεπ./Οκτ.;(Έτος)2004</subfield>
   <subfield code="y">23</subfield>
  </datafield>
  <datafield tag="852" ind1=" " ind2=" ">
   <subfield code="a">INST</subfield>
   <subfield code="b">UNIPILB</subfield>
   <subfield code="c">SERIALS</subfield>
   <subfield code="e">20050902</subfield>
   <subfield code="h">Αλφαβητική σειρά</subfield>
   <subfield code="p">45871</subfield>
   <subfield code="q">45871</subfield>
   <subfield code="t">NOLOAN</subfield>
   <subfield code="v">τεύχ.41:(Μήνες)Νοέμ./Δεκ.;(Έτος)2004</subfield>
   <subfield code="y">23</subfield>
  </datafield>
  <datafield tag="852" ind1=" " ind2=" ">
   <subfield code="a">INST</subfield>
   <subfield code="b">UNIPILB</subfield>
   <subfield code="c">SERIALS</subfield>
   <subfield code="e">20050902</subfield>
   <subfield code="h">Αλφαβητική σειρά</subfield>
   <subfield code="p">45872</subfield>
   <subfield code="q">45872</subfield>
   <subfield code="t">NOLOAN</subfield>
   <subfield code="v">τεύχ.42:(Μήνες)Ιαν./Φεβ.;(Έτος)2005</subfield>
   <subfield code="y">23</subfield>
  </datafield>
  <datafield tag="852" ind1=" " ind2=" ">
   <subfield code="a">INST</subfield>
   <subfield code="b">UNIPILB</subfield>
   <subfield code="c">SERIALS</subfield>
   <subfield code="e">20050902</subfield>
   <subfield code="h">Αλφαβητική σειρά</subfield>
   <subfield code="p">45873</subfield>
   <subfield code="q">45873</subfield>
   <subfield code="t">NOLOAN</subfield>
   <subfield code="v">τεύχ.43:(Μήνες)Μάρ./Απρ.;(Έτος)2005</subfield>
   <subfield code="y">23</subfield>
  </datafield>
  <datafield tag="852" ind1=" " ind2=" ">
   <subfield code="a">INST</subfield>
   <subfield code="b">UNIPILB</subfield>
   <subfield code="c">SERIALS</subfield>
   <subfield code="e">20050902</subfield>
   <subfield code="h">Αλφαβητική σειρά</subfield>
   <subfield code="p">45874</subfield>
   <subfield code="q">45874</subfield>
   <subfield code="t">NOLOAN</subfield>
   <subfield code="v">τεύχ.44:(Μήνες)Μάιος/Ιούν.;(Έτος)2005</subfield>
   <subfield code="y">23</subfield>
  </datafield>
  <datafield tag="852" ind1=" " ind2=" ">
   <subfield code="a">INST</subfield>
   <subfield code="b">UNIPILB</subfield>
   <subfield code="c">SERIALS</subfield>
   <subfield code="e">20060328</subfield>
   <subfield code="h">Αλφαβητική σειρά</subfield>
   <subfield code="p">51001</subfield>
   <subfield code="q">51001</subfield>
   <subfield code="t">NOLOAN</subfield>
   <subfield code="v">τεύχ.46:(Μήνες)Οκτ./Νοέμ.;(Έτος)2005</subfield>
   <subfield code="y">23</subfield>
  </datafield>
  <datafield tag="856" ind1="4" ind2="1">
   <subfield code="u">http://www.cancer-society.gr</subfield>
  </datafield>
  <datafield tag="900" ind1=" " ind2=" ">
   <subfield code="a">Τχ. 47 (Δεκ./Ιαν. 2005)</subfield>
   <subfield code="b">Οφειλόμενο</subfield>
   <subfield code="c">02/05/2007</subfield>
  </datafield>
  <datafield tag="900" ind1=" " ind2=" ">
   <subfield code="a">Τχ. 30 (Ιαν./Φεβ. 2003)</subfield>
   <subfield code="b">Οφειλόμενο</subfield>
   <subfield code="c">10/10/2005</subfield>
  </datafield>
  <datafield tag="900" ind1=" " ind2=" ">
   <subfield code="a">Τχ. 37 (Μάρ./Απρ. 2004)</subfield>
   <subfield code="b">Οφειλόμενο</subfield>
   <subfield code="c">10/10/2005</subfield>
  </datafield>
  <datafield tag="900" ind1=" " ind2=" ">
   <subfield code="a">Τχ. 45 (Ιούλ./Αύγ. 2005)</subfield>
   <subfield code="b">Οφειλόμενο</subfield>
   <subfield code="c">26/10/2006</subfield>
  </datafield>
  <datafield tag="950" ind1=" " ind2=" ">
   <subfield code="a">01/01/2003</subfield>
   <subfield code="c">ΔΩΡΕΑ ΠΕΡΙΟΔΙΚΩΝ</subfield>
   <subfield code="d">404</subfield>
  </datafield>
  <datafield tag="951" ind1=" " ind2=" ">
   <subfield code="a">Τχ. 46  (Οκτ./Νοέμ. 2005)</subfield>
   <subfield code="b">Main run</subfield>
  </datafield>
  <datafield tag="951" ind1=" " ind2=" ">
   <subfield code="a">Τχ.11(Σεπτ./Οκτ. 1998) -  (τχ.12(Νοέμ./Δεκ. 1998)</subfield>
   <subfield code="b">Main run</subfield>
  </datafield>
  <datafield tag="951" ind1=" " ind2=" ">
   <subfield code="a">Τχ.15(Μάϊος/Ιούν. 2000) -  (τχ.29(Νοέμ./Δεκ. 2002)</subfield>
   <subfield code="b">Main run</subfield>
  </datafield>
  <datafield tag="951" ind1=" " ind2=" ">
   <subfield code="a">Τχ. 31 (Μάρ./Απρ. 2003) - Τχ. 36 (Ιαν./Φεβ. 2004)</subfield>
   <subfield code="b">Main run</subfield>
  </datafield>
  <datafield tag="951" ind1=" " ind2=" ">
   <subfield code="a">Τχ. 38 (Μάιος/Ιούν. 2004) - Τχ. 44 (Μάιος/Ιούν. 2005)</subfield>
   <subfield code="b">Main run</subfield>
  </datafield>
  <datafield tag="952" ind1=" " ind2=" ">
   <subfield code="a">(21,24)2000, (30)2003, (37)2004</subfield>
  </datafield>
 </record>
</collection>
